| 000 | 01109cam a22003257a 4500 | ||
|---|---|---|---|
| 003 | CHAP | ||
| 005 | 20220329142522.0 | ||
| 008 | 010827d2000 mx r 00110 spa d | ||
| 010 | _a84534 | ||
| 011 | _a85506 | ||
| 035 | _a96039 | ||
| 040 | _cCHAP | ||
| 082 | 0 | 4 |
_a632.93 _bR6 |
| 100 | 0 | 0 |
_aRodríguez Vallejo, José. _998944 |
| 245 | 1 | 0 |
_aHistoria de la fitosanidad en México siglo XX _c/por José Rodríguez Vallejo |
| 260 |
_aChapingo, Méx. : _bUACH. Departamento de Parasitología Agrícola, _c2000. |
||
| 300 |
_a180 p. : _banexo |
||
| 590 |
_aBATCH-UPD _b10 _c20130110 _lUCH01 _h1745 |
||
| 590 |
_aBATCH-UPD _b10 _c20130410 _lUCH01 _h1124 |
||
| 590 |
_aBATCH-UPD _b10 _c20130914 _lUCH01 _h1122 |
||
| 590 |
_aCONVERSION _b10 _c20130109 _lUCH01 _h1347 |
||
| 650 | 1 | 4 |
_aCultivos _xPlagas. _930305 |
| 650 | 1 | 4 |
_aCultivos _xProtección. _930311 |
| 650 | 1 | 4 |
_aSanidad vegetal. _9102224 |
| 901 | _aBK | ||
| 905 | _aLilia Sánchez G. | ||
| 942 | _cLIBRO | ||
| 949 |
_a632.93 R6 _bBC _cLIBRO _d33724000852448 _eLIBRO _h101311 _i96039 _si |
||
| 949 |
_a632.93 R6 _bBC _cUACH _d33724000581534 _eUACH _fc.2 _h101312 _i96039 _sb |
||
| 999 |
_c84534 _d84534 |
||